Hình tượng nhân vật và không gian nghệ thuật trong tiểu thuyết Hồ Anh Thái
Tiểu thuyết Hồ Anh Thái trong tiến trình vận động của văn xuôi Việt Nam đương đại; Hình tượng nhân vật trong tiểu thuyết Hồ Anh Thái; Không gian nghệ thuật trong tiểu thuyết Hồ Anh Thái...
Shranjeno v:
| Glavni avtor: | |
|---|---|
| Drugi avtorji: | |
| Format: | Knjiga |
| Jezik: | Vietnamese |
| Izdano: |
Đà Nẵng
Đại học Đà Nẵng
2013
|
| Teme: | |
| Oznake: |
Označite
Brez oznak, prvi označite!
|
| Thư viện lưu trữ: | Mạng thư viện Đại học Đà Nẵng |
|---|
| LEADER | 01707nam a2200349 4500 | ||
|---|---|---|---|
| 001 | 000019290 | ||
| 003 | 15725 | ||
| 005 | 20140416090413.0 | ||
| 008 | 140416s2013 viesd | ||
| 041 | |a vie | ||
| 082 | 1 | 4 | |a 895.922334 |b LÊ-D |
| 100 | |a Lê Thị Kim Dung | ||
| 245 | |a Hình tượng nhân vật và không gian nghệ thuật trong tiểu thuyết Hồ Anh Thái |c Lê Thị Kim Dung ; Bùi Thanh truyền hướng dẫn. |k Luận văn Thạc sĩ | ||
| 260 | |a Đà Nẵng |b Đại học Đà Nẵng |c 2013 | ||
| 300 | |a 106 tr., phụ lục 3 tr. |c 29 cm. |e Tóm tắt | ||
| 500 | |a Luận văn thạc sĩ Khoa học xã hội và nhân văn. Chuyên ngành : Văn học Việt Nam. Mã số: 60.22.34. | ||
| 520 | |a Tiểu thuyết Hồ Anh Thái trong tiến trình vận động của văn xuôi Việt Nam đương đại; Hình tượng nhân vật trong tiểu thuyết Hồ Anh Thái; Không gian nghệ thuật trong tiểu thuyết Hồ Anh Thái... | ||
| 600 | 1 | 4 | |a Hồ Anh Thái |d 1960- |
| 650 | 0 | 4 | |a Tiểu thuyết |v Luận văn tốt nghiệp |x Nghiên cứu |z Việt Nam |
| 653 | |a Văn học Việt Nam | ||
| 653 | |a Tiểu thuyết | ||
| 700 | 1 | |a Bùi Thanh truyền |c TS. |e Hướng dẫn | |
| OWN | |a LSP | ||
| AVA | |a UDN50 |b LSP |d 895.922334 LÊ-D |e available |t Error 5001 Not defined in file expand_doc_bib_avail. |f 1 |g 0 |h N |i 0 |k 1 | ||
| 999 | |a From the UDN01 | ||
| AVA | |a UDN50 |b LSP |d 895.922334 LÊ-D |e available |t Error 5001 Not defined in file expand_doc_bib_avail. |f 1 |g 0 |h N |i 0 |k 1 | ||
| TYP | |a Monograph | ||
| TYP | |a Printed language | ||
| 980 | |a Mạng thư viện Đại học Đà Nẵng | ||